Ranska-visa - Statistics

Yleistilastot
  • Tätä visaa on pelattu 1 567 kertaa
  • Keskiarvotulos 8 / 19
Vastaustilastot
Vihje Vastaus % Oikein
Pääkaupunki Pariisi
100%
Vuoden 1889 maailmannäyttelyä varten rakennettu torni Eiffel-torni
79%
Kuuluisa pyöräilykilpailu Ranskan ympäriajo
76%
Maailman vierailluin museo Louvre
74%
Kolmanneksi väkirikkain kaupunkialue Marseille
65%
Toiseksi väkirikkain kaupunkialue Lyon
62%
... ja palatsi, jossa hän asui Versailles
55%
Katu, jolle ylläoleva kilpailu päättyy {Champs}-Élysées
46%
Korkein vuori Mont Blanc
42%
Pisimpään hallinnut kuningas Ludvig XIV
38%
Roomalainen nimi Ranskalle Gallia
33%
Tunnettu sanomalehti, jonka nimi tarkoittaa "maailma" Le Monde
29%
Pisin joki Ranskan alueiden sisällä Loire
28%
Ranskan alue, joka sijaitsee Etelä-Amerikassa Ranskan Guayana
23%
Vankila, joka vallattiin 14. heinäkuuta 1789 Bastilji
19%
Vallankumouksellisten iskulause: Liberté, égalité, ______ Fraternité
18%
Symboli Ranskan kuninkaallisessa vaakunassa {Fleur}-de-lis
14%
Hallitsijasuku, johon hän kuului Bourbon
11%
Nainen, joka "personifoi" Ranskaa Marianne
9%
Ehtoja vastaavia visoja ei löytynyt
Tulosjakauma
Jokaisen tuloksen saaneiden osuus
Persentiili vastausten määrän mukaan
Tuloshistoriasi
Et ole pelannut tätä visaa